000 00420nam a2200157 a 4500
001 000047485
005 20201002060551.0
008 180606s2017 dr 000 spa d
020 _a9789945503135
040 _aDO-SdBNP
_bspa
_cBNPHU
082 _axxx
_bE748
245 0 _aEscritores del Sur : 1836-1935.
260 _aSanto Domingo :
_bNacional,
_c2017.
300 _a354 p. ;
_c24 cm.
590 _aInventariado,2018/DG
999 _c46973
_d46973